000 00461nam a2200169Ia 4500
008 240729s9999 xx 000 0 und d
022 _a2322-3618
245 0 _aVeterinary Research Forum
260 _aIran, Islamic Republic of
260 _bUrmia University
650 _a Animal culture
650 _a Veterinary medicine
650 _aAgriculture
856 _uhttps://doaj.org/toc/9dd71b29d8494ec8b391ba703e773325
942 _2ddc
942 _cDOAJEJ
999 _c65603
_d65603
945 _a1
_bMadushi Gamage
_c1
_dMadushi Gamage